آدم و التكوين / (رقم التسجيلة. 31923)

تفاصيل مارك
000 -LEADER
fixed length control field 00593nam a22001697a 4500
005 - DATE AND TIME OF LATEST TRANSACTION
control field 20251108165818.0
008 - FIXED-LENGTH DATA ELEMENTS--GENERAL INFORMATION
fixed length control field 250721s1986 xx 000 0 ara d
082 14 - DEWEY DECIMAL CLASSIFICATION NUMBER
Classification number ط/211.81/زين
100 1# - MAIN ENTRY--PERSONAL NAME
Personal name الزين، سميح عاطف
245 10 - TITLE STATEMENT
Title آدم و التكوين /
264 1# - PRODUCTION, PUBLICATION, DISTRIBUTION, MANUFACTURE, AND COPYRIGHT NOTICE
Place of production, publication, distribution, manufacture بيروت :
Name of producer, publisher, distributor, manufacturer دار الكتاب اللبناني: مكتبة المدرسة،
Date of production, publication, distribution, manufacture, or copyright notice 1986.
300 ## - PHYSICAL DESCRIPTION
Extent 84ص
490 0# - SERIES STATEMENT
Series statement قصص الانبياء في القرآن الكريم المختارة من مجمع البيان الحديث؛1
650 17 - SUBJECT ADDED ENTRY--TOPICAL TERM
Topical term or geographic name as entry element النبوات
942 ## - ADDED ENTRY ELEMENTS (KOHA)
Source of classification or shelving scheme Dewey Decimal Classification
Koha item type كتب
المقتنيات
حالة السحب حالة الفقدان مصدر التصنيف حالة التلف غير قابل للإعارة المكتبة الرئيسية المكتبة الحالية موقع الرف تاريخ التزويد الرقم المتسلسل Total Checkouts رقم الإستدعاء تاريخ آخر ظهور تاريخ الفاتورة نوع المادة (كوها) الباركود
    Dewey Decimal Classification     المكتبة المركزية المكتبة المركزية الأطفال 08/02/2012 1510903   ط/211.81/زين 28/07/2025 08/02/2012 كتب PLD00240410
    Dewey Decimal Classification     مكتبة الحسن العامة مكتبة الحسن العامة الأطفال 05/10/2018 01914   ط/211.81/زين 28/07/2025 05/10/2018 كتب PLD00435350
    Dewey Decimal Classification     مكتبة الراية الهاشمية للأطفال مكتبة الراية الهاشمية للأطفال الأطفال 01/01/2003 295814   ط/211.81/زين 28/07/2025 01/01/2003 كتب PLD00349640
    Dewey Decimal Classification     مكتبة بدر للأطفال مكتبة بدر للأطفال الأطفال 09/08/2022 268665   ط/211.81/زين 28/07/2025 09/08/2022 كتب PLD00498549
    Dewey Decimal Classification Unchecked   مكتبة حمزة العامة مكتبة حمزة العامة الأطفال 06/07/2004 518   ط/211.81/زين 28/07/2025 06/07/2004 كتب  
Implemented & Customized by: BBB with SCIT (Smart Chains for Information Technology)

Powered by Koha